00407nam a2200133Ia 4500008004100000041000800041082001600049100003200065245009800097260004500195300001200240365000700252650001400259210719s1993 xx 000 0 und d aeng a301.06 INDT aINDIAN SOCIOLOGICAL SOCIETY aTwenty all India sociological conference. 29-31 December 1993 Mangalore. Abstracts of papers. aMangalore.bSt. Aloysius College.,c1993 a190bPB cRs aSociology